| 000 | 00330nam a22001337a 4500 | ||
|---|---|---|---|
| 003 | SGT | ||
| 082 |
_a954 _bK84N |
||
| 100 | _aNAMBOODIRIPAD, E.M.S. | ||
| 245 | _aKERELA SOCIETY AND POLITICS: AN HISTORICAL SURVEY | ||
| 260 |
_bNATIONAL BOOK AGENCY PVT.LTD. _c1984 |
||
| 300 | _a244 | ||
| 650 | _aHISTORY OF INDIA | ||
| 942 |
_2ddc _cBK |
||
| 999 |
_c28056 _d28056 |
||